|
|
|
|
| LEADER |
01891nam a22004455i 4500 |
| 001 |
978-0-85729-895-9 |
| 003 |
DE-He213 |
| 005 |
20151103131843.0 |
| 007 |
cr nn 008mamaa |
| 008 |
110926s2012 xxk| s |||| 0|eng d |
| 020 |
|
|
|a 9780857298959
|9 978-0-85729-895-9
|
| 024 |
7 |
|
|a 10.1007/978-0-85729-895-9
|2 doi
|
| 040 |
|
|
|d GrThAP
|
| 050 |
|
4 |
|a R-RZ
|
| 072 |
|
7 |
|a VFD
|2 bicssc
|
| 072 |
|
7 |
|a MED000000
|2 bisacsh
|
| 082 |
0 |
4 |
|a 610
|2 23
|
| 100 |
1 |
|
|a Waxman, Jonathan.
|e author.
|
| 245 |
1 |
4 |
|a The Elephant in the Room
|h [electronic resource] :
|b Stories About Cancer Patients and their Doctors /
|c by Jonathan Waxman.
|
| 264 |
|
1 |
|a London :
|b Springer London :
|b Imprint: Springer,
|c 2012.
|
| 300 |
|
|
|a XIX, 264 p.
|b online resource.
|
| 336 |
|
|
|a text
|b txt
|2 rdacontent
|
| 337 |
|
|
|a computer
|b c
|2 rdamedia
|
| 338 |
|
|
|a online resource
|b cr
|2 rdacarrier
|
| 347 |
|
|
|a text file
|b PDF
|2 rda
|
| 505 |
0 |
|
|a Rick's Big Adventure -- All My Trials -- Snake Oil and Chips -- Smoker's Cough -- Conference with Counsel -- Coming Through -- Here's Harry -- Why Me? -- How Do They Know What I've Got? -- Doctors and Cancer: Firewall.
|
| 520 |
|
|
|a The Elephant in the Room is a collection of real life short stories about cancer patients and their doctors. These stories comfort and entertain, inform and engage, and are a treat to read. With humour and empathy, Jonathan Waxman explores the human side of cancer.
|
| 650 |
|
0 |
|a Popular works.
|
| 650 |
|
0 |
|a Oncology.
|
| 650 |
|
0 |
|a Medicine.
|
| 650 |
|
0 |
|a Health.
|
| 650 |
1 |
4 |
|a Popular Science.
|
| 650 |
2 |
4 |
|a Popular Science in Medicine and Health.
|
| 650 |
2 |
4 |
|a Oncology.
|
| 710 |
2 |
|
|a SpringerLink (Online service)
|
| 773 |
0 |
|
|t Springer eBooks
|
| 776 |
0 |
8 |
|i Printed edition:
|z 9780857298942
|
| 856 |
4 |
0 |
|u http://dx.doi.org/10.1007/978-0-85729-895-9
|z Full Text via HEAL-Link
|
| 912 |
|
|
|a ZDB-2-SME
|
| 950 |
|
|
|a Medicine (Springer-11650)
|